000
00336nam a2200133Ia 4500
008
240624s9999 xx 000 0 und d
041
_a
eng
082
_a
155.282 CON
100
_a
CONWAY ANNE
245
_a
INSTANT PEOPLE READING THROUGH HANDWRITI
260
_c
2003
_a
New Delhi
_b
Penguin Books
300
_a
224 : cm. ; 24
365
_c
RS
999
_c
2318
_d
2318